Spieler, die Daryl Gurney bei der Darts WM besiegten - Statistiken

Allgemein
  • Dieses Quiz wurde 72 mal gespielt
    5 seit der letzten Aktualisierung
  • Das Durchschnittsergebnis liegt bei 7 aus 13
Antwortstatistiken
Jahr Runde Nationalität Spieler % Korrekt
2023 2. Runde Schottland Alan Soutar
100%
2016 2. Runde Schottland Gary Anderson
100%
2021 Viertelfinale Wales Gerwyn Price
100%
2025 3. Runde Wales Jonny Clayton
100%
2026 2. Runde England Callan Rydz
67%
2018 2. Runde Schottland John Henderson
67%
2017 Viertelfinale Niederlande Michael van Gerwen
67%
2022 3. Runde England Rob Cross
67%
2020 3. Runde England Glen Durrant
33%
2019 3. Runde Wales Jamie Lewis
33%
2013 2. Runde England Dave Chisnall
0%
2024 Achtelfinale England Dave Chisnall
0%
2015 1. Runde England Ronnie Baxter
0%
Keine übereinstimmenden Quizze gefunden
Verteilung der Resultate
Anzahl Personen mit jedem Resultat
Perzentil nach korrekt beantworteten Fragen
Ihre Resultats-Entwicklung
Sie haben dieses Quiz seit der letzten Aktualisierung nicht gespielt